000
00306nam a22001337a 4500
008
171002b xxu||||| |||| 00| 0 eng d
020
_a
9780137921690
041
_a
eng
080
_a
37
100
_a
47
101
_a
EDU
245
_a
BAND DIRECTOR'S CURRICULUM RESOURCE
_c
ERICKSEN,C.M
942
_2
udc
_c
BK
999
_c
31123
_d
31123